00860nam a2200205 a 450000100100000000500170001000800410002702000150006804000250008308200130010824500720012126000310019330000350022449000410025950000610030083000480036195201110040995201170052099900170063700004234620201002040108.0131127s2000 sp ab 000 0 spa d a8481562807 aDO-SdBNPbspacBNPHU axxxbxxx00aEl Arte Mudéjar :bla estética islámica en el arte cristiano. a[Madrid] :bElecta,c2000. a318 p. :bil., mapas ;c22 cm.1 aArte islámico en el mediterráneo aCiclo Internacional de Exposiciones Museo sin Fronteras. 0aArte islámico en el mediterráneo969412 001050718MOaGRbGRcHDd2013-11-27iLF1l0oxxx xxxp42346-10r2020-06-25w2020-06-25y1ZNo se presta 001050718MOaGRbGRcHDd2013-12-04iLF1l0oxxx xxxp42346-20r2020-06-25te. 2w2020-06-25y1ZNo se presta c41835d41835